Paroles la Simca 1000 - Les chevaliers du fiel - Statistiques

Statistiques générales
  • Ce quiz a été pris 55 fois
  • Le résultat moyen est 229 sur 296
Statistiques - réponses
Réponse % Correct
Je
100%
la
100%
1000
98%
dans
98%
Dans
98%
nu
98%
si
98%
Simca
98%
te
98%
de
95%
prendra
93%
à
91%
me
91%
nue
91%
prendrai
91%
Tu
86%
tu
86%
Et
84%
Il
84%
du
82%
le
82%
ma
82%
ta
82%
un
82%
ça
77%
une
75%
bonne
73%
comme
70%
Comme
70%
côté
70%
Narbonne
70%
des
68%
nous
68%
trouvé
68%
les
66%
que
66%
rencontré
66%
t'ai
66%
calzone
64%
conne
64%
vachement
61%
au
59%
pizza
59%
pour
59%
dents
57%
bien
55%
c'était
55%
mangeais
55%
avait
52%
En
52%
Moi
52%
On
52%
tes
52%
est
50%
étais
50%
j'ai
50%
J'ai
50%
quand
50%
fin
48%
journée
48%
Y
48%
demandé
45%
j'crois
45%
m'as
45%
moins
45%
restes
45%
francs
43%
grande
43%
langue
43%
menu
43%
sans
43%
vingt
43%
Gémeaux
41%
reconnu
41%
répondu
41%
vierge
41%
aux
39%
bouche
39%
café
39%
creux
39%
faisait
39%
fourré
39%
Mais
39%
pas
39%
allé
36%
élastique
36%
j'avais
36%
slip
36%
aidé
34%
bretelle
34%
digérer
34%
grumeaux
34%
T'avais
34%
Tous
34%
bu
32%
mairie
32%
m'aurait
32%
regretté
32%
soutien-gorge
32%
rot
30%
belle
27%
deux
27%
faisais
27%
danser
25%
long
25%
mots
25%
pissais
25%
putain
25%
berges
23%
Kilimandjaro
20%
marchant
18%
t'aies
16%
Cintegabelle
14%
Aucun quiz correspondant
Distribution des résultats
% des personnes avec chaque résultat
Percentile par nombre de réponses
Votre historique - résultats
Vous n’avez pas pris ce quiz